[Event "Moscow open 2010 B"]
[Site "?"]
[Date "2010.02.07"]
[Round "9.97"]
[White "Kalinin, Nikita"]
[Black "Andreev, Gennadiy"]
[Result "0-1"]
[WhiteElo "1927"]
[BlackElo "2077"]
[PlyCount "82"]
[EventDate "2010.01.30"]

1. e4 c5 2. Nf3 Nc6 3. Bc4 d6 4. d3 e6 5. Nc3 Be7 6. O-O Nf6 7. Re1 Nd7 8. a4
Bf6 9. Bb5 Nd4 10. Nxd4 cxd4 11. Ne2 O-O 12. Bxd7 Bxd7 13. Ng3 g6 14. f4 Qc7
15. Bd2 Rfc8 16. Bb4 a5 17. Ba3 Bg7 18. b3 Ra6 19. Ra2 Rc6 20. f5 Be5 21. fxg6
fxg6 22. Re2 Rf8 23. Nf1 Rf7 24. g3 h5 25. Nd2 d5 26. Rf2 Rxf2 27. Kxf2 h4 28.
gxh4 Bf6 29. Kg2 Be8 30. exd5 exd5 31. b4 Qf4 32. Nf1 Bxh4 33. Qf3 Qxf3+ 34.
Kxf3 Rf6+ 35. Kg4 Be1 36. Ng3 Bd2 37. Kh3 axb4 38. Bb2 Be3 39. a5 Bd7+ 40. Kh4
g5+ 41. Kh5 Kh7 0-1

[Event "Moscow open 2010 B"]
[Site "?"]
[Date "2010.02.07"]
[Round "9.98"]
[White "Gvanceladze, Anna"]
[Black "Zaytsev, Dmitry"]
[Result "1-0"]
[WhiteElo "2068"]
[BlackElo "1875"]
[PlyCount "91"]
[EventDate "2010.01.30"]

1. e4 c6 2. d4 d5 3. Nd2 dxe4 4. Nxe4 Bf5 5. Ng3 Bg6 6. Nf3 Nd7 7. h4 h6 8. h5
Bh7 9. Bd3 Bxd3 10. Qxd3 e6 11. Bd2 Ngf6 12. O-O-O Be7 13. Kb1 O-O 14. Qe2 c5
15. Nf1 Qc7 16. g4 Nh7 17. d5 e5 18. Bc3 Bf6 19. Ng3 Ng5 20. Ne4 Nxe4 21. Qxe4
Rfe8 22. Rhg1 Qd8 23. Bd2 Bg5 24. Nxg5 hxg5 25. Qf5 f6 26. h6 Nf8 27. hxg7 Kxg7
28. Rh1 Ng6 29. Bc3 Qc8 30. Qe4 Qd7 31. Rh5 Rh8 32. Bd2 Rae8 33. Rdh1 Nh4 34.
Bxg5 fxg5 35. Rxg5+ Kf6 36. Rh5 Rxh5 37. gxh5 Nf5 38. Rg1 Rh8 39. Rg6+ Kf7 40.
Qg4 Ke8 41. Re6+ Kd8 42. Qxf5 Rg8 43. b3 Qxd5 44. Qxe5 Qh1+ 45. Kb2 Qg2 46.
Qxc5 1-0

[Event "Moscow open 2010 B"]
[Site "?"]
[Date "2010.02.07"]
[Round "9.99"]
[White "Tokmakov, Evgeniy"]
[Black "Orekhovsky, Viktor"]
[Result "1-0"]
[WhiteElo "1920"]
[BlackElo "2067"]
[PlyCount "93"]
[EventDate "2010.01.30"]

1. e4 e5 2. f4 d5 3. exd5 exf4 4. Nf3 Qxd5 5. Nc3 Qd8 6. Bc4 Bd6 7. O-O Ne7 8.
Ng5 O-O 9. Qh5 Bf5 10. Nxf7 Rxf7 11. Qxf7+ Kh8 12. d3 Nbc6 13. Bxf4 Bg6 14. Qe6
Nd4 15. Qg4 Nxc2 16. Rac1 Nd4 17. Bxd6 Qxd6 18. Qf4 Nec6 19. Qxd6 cxd6 20. Rf2
h6 21. Rcf1 Ne5 22. Rf8+ Rxf8 23. Rxf8+ Kh7 24. Bg8+ Kh8 25. Bf7+ Kh7 26. Bxg6+
Kxg6 27. Rd8 Nf5 28. Ne4 Nxd3 29. Nxd6 Nxb2 30. Nxf5 Kxf5 31. Rd7 b6 32. Rxa7
g6 33. Ra6 Nc4 34. Ra4 b5 35. Rb4 Nd6 36. Kf2 Ke5 37. Ke3 Nc4+ 38. Rxc4 bxc4
39. a4 Kd5 40. g4 Kc5 41. a5 c3 42. Kd3 Kb4 43. Kc2 Kxa5 44. Kxc3 Kb5 45. Kd4
Kc6 46. Ke5 h5 47. g5 1-0

[Event "Moscow open 2010 B"]
[Site "?"]
[Date "2010.02.07"]
[Round "9.100"]
[White "Kapov, Adam"]
[Black "Gorshkov, Anatoly"]
[Result "1-0"]
[WhiteElo "1917"]
[BlackElo "2061"]
[PlyCount "125"]
[EventDate "2010.01.30"]

1. e4 e5 2. Nf3 Qe7 3. Nc3 c6 4. Bc4 h6 5. O-O d6 6. h3 g5 7. d4 Bg7 8. dxe5
dxe5 9. Be3 Nf6 10. Qd3 g4 11. hxg4 Nxg4 12. Rfd1 Nd7 13. a3 O-O 14. Ne2 Nxe3
15. Qxe3 Nb6 16. Bb3 Bg4 17. Ng3 Rad8 18. Re1 Kh7 19. Nh2 Bc8 20. Qf3 Qf6 21.
Rad1 Qxf3 22. Nxf3 Be6 23. Bxe6 fxe6 24. b3 c5 25. Nf1 Kg8 26. Ne3 Kf7 27. Ng4
Nd7 28. Rxd7+ Rxd7 29. Ngxe5+ Ke8 30. Nxd7 Kxd7 31. Rd1+ Kc7 32. Kf1 b5 33. Ke2
a5 34. g3 a4 35. bxa4 bxa4 36. Nd2 Bd4 37. f4 Kc6 38. Rb1 h5 39. Nf3 Bf6 40. e5
Be7 41. Rh1 c4 42. Nd4+ Kd5 43. Nb5 Kc6 44. Nd4+ Kd5 45. Nb5 Kc6 46. Nc3 h4 47.
Kf3 hxg3 48. Kxg3 Bxa3 49. Nxa4 Ra8 50. Nc3 Bb4 51. Ne4 Kd5 52. Ng5 Ra3+ 53.
Kg4 Rc3 54. Rd1+ Kc6 55. Nxe6 Kb6 56. Rb1 Ka5 57. Nd4 Ba3 58. Nb5 Re3 59. Nxa3
Rxa3 60. Rb2 Ra1 61. e6 Rg1+ 62. Kf5 Ka4 63. c3 1-0

[Event "Moscow open 2010 B"]
[Site "?"]
[Date "2010.02.07"]
[Round "9.101"]
[White "Klyuev, Alexander S"]
[Black "Simakov, Alexey"]
[Result "1/2-1/2"]
[WhiteElo "1916"]
[BlackElo "2057"]
[PlyCount "50"]
[EventDate "2010.01.30"]

1. c4 c6 2. Nc3 d5 3. cxd5 cxd5 4. d4 Nc6 5. Nf3 Nf6 6. Bf4 a6 7. Rc1 e6 8. e3
Bd6 9. Bxd6 Qxd6 10. Bd3 O-O 11. O-O e5 12. dxe5 Nxe5 13. Nxe5 Qxe5 14. h3 Be6
15. Qa4 Qg5 16. Kh2 Rfe8 17. Qd4 Rac8 18. Na4 Bf5 19. Nc5 b6 20. Nb3 Bxd3 21.
Qxd3 Rxc1 22. Rxc1 Qe5+ 23. Kg1 Qxb2 24. Qxa6 Ne4 25. Rf1 Nc3 1/2-1/2

[Event "Moscow open 2010 B"]
[Site "?"]
[Date "2010.02.07"]
[Round "9.102"]
[White "Buchkov, Nikolay"]
[Black "Gvilava, Maya"]
[Result "1/2-1/2"]
[WhiteElo "1811"]
[BlackElo "2051"]
[PlyCount "27"]
[EventDate "2010.01.30"]

1. e4 c5 2. c3 d5 3. exd5 Qxd5 4. d4 Nc6 5. Nf3 Bg4 6. Be2 cxd4 7. cxd4 e6 8.
Nc3 Qa5 9. O-O Nf6 10. Be3 Bd6 11. h3 Bh5 12. Nb5 Bb8 13. Qd2 Qxd2 14. Bxd2
1/2-1/2

[Event "Moscow open 2010 B"]
[Site "?"]
[Date "2010.02.07"]
[Round "9.103"]
[White "Dudysheva, Yuliya"]
[Black "Talipov, Nafis"]
[Result "0-1"]
[WhiteElo "1796"]
[BlackElo "2051"]
[PlyCount "92"]
[EventDate "2010.01.30"]

1. d4 Nf6 2. c4 c5 3. d5 e5 4. Nc3 d6 5. e4 Be7 6. Bd3 O-O 7. Nge2 Ne8 8. O-O
Bg5 9. f4 exf4 10. Bxf4 Bxf4 11. Nxf4 Nd7 12. Bc2 Ne5 13. b3 g6 14. Nd3 Qe7 15.
Nxe5 Qxe5 16. Qd3 Ng7 17. Rae1 Bd7 18. Kh1 Rae8 19. Qd2 Re7 20. Ne2 Rfe8 21.
Ng3 h5 22. Ne2 a6 23. Nf4 Qg5 24. Qf2 h4 25. h3 f5 26. Qf3 Qh6 27. Re3 g5 28.
Ne2 f4 29. Rc3 Nh5 30. Kg1 Nf6 31. Re3 Kg7 32. e5 Rxe5 33. Rxe5 Rxe5 34. Nc1
Re3 35. Qd1 g4 36. Nd3 gxh3 37. Nxf4 hxg2 38. Nxg2 Qg5 39. Kh1 Rh3+ 40. Kg1 Rg3
41. Qe2 h3 42. Qe7+ Kg8 43. Bh7+ Nxh7 44. Qf7+ Kh8 45. Qxd7 Rxg2+ 46. Kh1 Rh2+
0-1

[Event "Moscow open 2010 B"]
[Site "?"]
[Date "2010.02.07"]
[Round "9.104"]
[White "Azanov, Pavel"]
[Black "Krylov, Ivan"]
[Result "0-1"]
[WhiteElo "2049"]
[BlackElo "1873"]
[PlyCount "66"]
[EventDate "2010.01.30"]

1. Nf3 Nf6 2. g3 g6 3. Bg2 Bg7 4. d4 d5 5. c4 c6 6. Nc3 O-O 7. O-O Ne4 8. e3
Nxc3 9. bxc3 dxc4 10. Nd2 Qa5 11. Bb2 Be6 12. a4 Nd7 13. Qc2 Rab8 14. Ba3 Rfe8
15. Rfb1 Qc7 16. a5 b5 17. axb6 axb6 18. Ra2 b5 19. Rba1 Ra8 20. h3 Nb6 21. Bb4
Rxa2 22. Rxa2 Na4 23. Ne4 Bf5 24. g4 Bxe4 25. Bxe4 e5 26. Bg2 exd4 27. exd4
Re1+ 28. Bf1 Qf4 29. Kg2 h5 30. Bxc4 hxg4 31. Be2 gxh3+ 32. Kxh3 Rg1 33. Qd2
Rh1+ 0-1

[Event "Moscow open 2010 B"]
[Site "?"]
[Date "2010.02.07"]
[Round "9.113"]
[White "Kvasov, Sergey"]
[Black "Veliev, Gasan"]
[Result "1/2-1/2"]
[WhiteElo "1955"]
[BlackElo "2261"]
[PlyCount "129"]
[EventDate "2010.01.30"]

1. e4 e6 2. Nc3 c5 3. Nf3 Nc6 4. Bb5 Nge7 5. Bxc6 Nxc6 6. O-O Be7 7. d4 cxd4 8.
Nxd4 a6 9. Be3 b5 10. Nxc6 dxc6 11. Qxd8+ Kxd8 12. Rfd1+ Ke8 13. e5 f6 14. exf6
Bxf6 15. Bd4 Ke7 16. Bxf6+ gxf6 17. Ne4 e5 18. Nc5 Bf5 19. Rd2 a5 20. Rad1 Rhd8
21. Rxd8 Rxd8 22. Rxd8 Kxd8 23. c3 Kc7 24. Nb3 a4 25. Nd2 Bd3 26. f3 f5 27. Kf2
Kd6 28. Ke3 Bc2 29. h3 f4+ 30. Kf2 Kd5 31. g3 c5 32. gxf4 exf4 33. Kg2 b4 34.
a3 bxa3 35. bxa3 Bd3 36. h4 Ke5 37. Kh3 Kf5 38. Kg2 Kf6 39. Kh3 Bf5+ 40. Kg2
Kg6 41. Nc4 Kh5 42. Nb6 Bc2 43. Nd7 c4 44. Nb6 Kxh4 45. Nxc4 Kg5 46. Nd2 Kf5
47. Kh3 Bd3 48. Kh4 Bb5 49. Kh5 Be8+ 50. Kh4 h6 51. Kh3 Ke5 52. Nc4+ Kd5 53.
Nd2 Bf7 54. Kh4 Ke5 55. Kg4 Bd5 56. Kh5 Bxf3+ 57. Nxf3+ Ke4 58. Nd4 f3 59. Nxf3
Kxf3 60. Kxh6 Ke3 61. Kg5 Kd3 62. Kf4 Kxc3 63. Ke3 Kb3 64. Kd2 Kxa3 65. Kc3
1/2-1/2

[Event "Moscow open 2010 B"]
[Site "?"]
[Date "2010.02.07"]
[Round "9.115"]
[White "Shilnikov, Igor S"]
[Black "Lanin, Boris Dr"]
[Result "1-0"]
[WhiteElo "1931"]
[BlackElo "2123"]
[PlyCount "51"]
[EventDate "2010.01.30"]

1. d4 d6 2. Nf3 g6 3. c4 Bg7 4. Nc3 Nf6 5. Bg5 h6 6. Bh4 g5 7. Bg3 Nh5 8. e3
Nxg3 9. hxg3 c5 10. d5 Na6 11. Rc1 Nc7 12. Bd3 a6 13. Qc2 Bd7 14. Nd2 b5 15. b3
Rb8 16. Nde4 Rb6 17. Qd1 b4 18. Nb1 e6 19. dxe6 Bxe6 20. g4 Qd7 21. Be2 O-O 22.
Rxh6 f5 23. Nxc5 Qf7 24. Nxe6 Nxe6 25. Rxe6 Qxe6 26. c5 1-0

[Event "Moscow open 2010 B"]
[Site "?"]
[Date "2010.02.07"]
[Round "9.116"]
[White "Della-Rossa, Anastasia"]
[Black "Kartsev, Sergei"]
[Result "0-1"]
[WhiteElo "1924"]
[BlackElo "2116"]
[PlyCount "66"]
[EventDate "2010.01.30"]

1. d4 d5 2. c4 c6 3. Nc3 Nf6 4. e3 e6 5. Nf3 Nbd7 6. cxd5 exd5 7. Bd3 Bd6 8.
O-O O-O 9. Qc2 h6 10. h3 Re8 11. Nh4 Nf8 12. Nf5 Bb8 13. Ne2 Ne4 14. Bxe4 dxe4
15. Nfg3 Qh4 16. Bd2 Nh7 17. Be1 Bxh3 18. gxh3 Ng5 19. Nf4 Bxf4 20. exf4 Nxh3+
21. Kg2 Nxf4+ 22. Kg1 Qh3 23. f3 exf3 24. Qh2 Qg4 25. Kh1 Ne2 26. Nxe2 Rxe2 27.
Bf2 Rxb2 28. Rg1 Qe6 29. Qg3 Qf6 30. Rae1 Rd8 31. Re4 Rd5 32. Re5 Rxa2 33. Rge1
Re2 0-1

[Event "Moscow open 2010 B"]
[Site "?"]
[Date "2010.02.07"]
[Round "9.117"]
[White "Kuznetsov, Mark"]
[Black "Babkin, Ivan"]
[Result "0-1"]
[WhiteElo "2099"]
[BlackElo "1939"]
[PlyCount "82"]
[EventDate "2010.01.30"]

1. Nf3 d5 2. d4 e6 3. c3 f5 4. Bg5 Be7 5. Bxe7 Qxe7 6. e3 Nf6 7. Bd3 c6 8. Nbd2
Nbd7 9. Qe2 O-O 10. Ne5 Nxe5 11. dxe5 Nd7 12. f4 Nc5 13. h4 b6 14. h5 a5 15.
O-O-O b5 16. g4 b4 17. Nb1 Ne4 18. gxf5 exf5 19. Bxe4 fxe4 20. Rdg1 Kh8 21. Qd2
Ba6 22. Rg6 Bd3 23. Rhg1 bxc3 24. Nxc3 hxg6 25. hxg6 Qh4 26. Qg2 Rxf4 27. Rh1
Rf1+ 28. Qxf1 Bxf1 29. Rxh4+ Kg8 30. Rf4 Rf8 31. Na4 Bh3 32. Nc5 Rxf4 33. exf4
Kf8 34. Nb7 d4 35. Nxa5 e3 36. Nc4 Ke7 37. a4 Bc8 38. Nd6 Bg4 39. f5 d3 40. f6+
gxf6 41. g7 d2+ 0-1

[Event "Moscow open 2010 B"]
[Site "?"]
[Date "2010.02.07"]
[Round "9.119"]
[White "Nastashuk, Stanislav"]
[Black "Udodov, Yuri"]
[Result "1-0"]
[WhiteElo "2059"]
[BlackElo "1926"]
[PlyCount "67"]
[EventDate "2010.01.30"]

1. e4 c5 2. Nf3 d6 3. c3 Nf6 4. Bc4 e6 5. Qe2 Nc6 6. Bb3 a6 7. a4 Be7 8. O-O
O-O 9. d4 cxd4 10. cxd4 Qb6 11. Qd3 e5 12. Be3 exd4 13. Nxd4 Nxd4 14. Bxd4 Qc6
15. Nd2 Be6 16. Rac1 Qd7 17. Bc2 Rfc8 18. f4 d5 19. e5 Rxc2 20. Qxc2 Ne4 21.
Nxe4 dxe4 22. Rfd1 Bd5 23. Bb6 Qe6 24. Qf2 Bc6 25. a5 Rc8 26. Qd4 Qg4 27. Qe3
g5 28. g3 h5 29. Rf1 Re8 30. Rxc6 bxc6 31. Qxe4 Qe6 32. f5 Qd7 33. e6 fxe6 34.
f6 1-0

[Event "Moscow open 2010 B"]
[Site "?"]
[Date "2010.02.07"]
[Round "9.120"]
[White "Abdrakhmanov, Ramiss"]
[Black "Baskakov, Nikolay"]
[Result "1-0"]
[WhiteElo "1891"]
[BlackElo "2054"]
[PlyCount "91"]
[EventDate "2010.01.30"]

1. e4 c5 2. Nc3 d6 3. d3 Nc6 4. g3 Nf6 5. Bg2 h6 6. f4 e5 7. Nf3 Bg4 8. h3 Bxf3
9. Bxf3 exf4 10. gxf4 Nd4 11. Bg2 g6 12. Ne2 Nh5 13. Rg1 Qh4+ 14. Kf1 Nxe2 15.
Kxe2 Bg7 16. c3 O-O 17. Qd2 b5 18. Kd1 b4 19. c4 a5 20. Qe1 Qd8 21. Bf3 Nf6 22.
f5 g5 23. h4 Nh7 24. hxg5 hxg5 25. Rh1 Re8 26. Qg3 f6 27. Bh5 Re5 28. Kc2 Qe7
29. b3 d5 30. cxd5 c4 31. bxc4 Rxe4 32. Bf3 Rd4 33. Bb2 Rf4 34. d6 Qxd6 35.
Bd5+ Kf8 36. Qh2 Rc8 37. Be6 Rd8 38. Rad1 Rh4 39. Qxd6+ Rxd6 40. d4 Ke7 41.
Rxh4 gxh4 42. d5 Ng5 43. c5 Rd8 44. d6+ Ke8 45. c6 Bf8 46. c7 1-0

[Event "Moscow open 2010 B"]
[Site "?"]
[Date "2010.02.07"]
[Round "9.121"]
[White "Kharinov, Konstantin"]
[Black "Pshekhotskiy, Alexander"]
[Result "1-0"]
[WhiteElo "1920"]
[BlackElo "2051"]
[PlyCount "107"]
[EventDate "2010.01.30"]

1. d4 Nf6 2. c4 g6 3. Nf3 Bg7 4. g3 O-O 5. Bg2 d6 6. O-O c6 7. Nc3 Nbd7 8. e4
Qc7 9. h3 Nb6 10. Qe2 e5 11. d5 a6 12. Nd2 Bd7 13. dxc6 Qxc6 14. b3 Qc8 15. Kh2
Nh5 16. a4 Be6 17. Ba3 Qc6 18. Rfd1 Rfd8 19. Nf1 Nf6 20. Ne3 Rd7 21. a5 Nc8 22.
g4 Rb8 23. Ned5 b5 24. axb6 Nxb6 25. Bxd6 Nbxd5 26. Nxd5 Nxd5 27. exd5 Qxd6 28.
dxe6 Qxe6 29. Rxd7 Qxd7 30. Rxa6 Qc7 31. Rc6 Qd7 32. Bd5 Rxb3 33. Qa2 Rb8 34.
Qa5 Rf8 35. Rc7 Qd6 36. Qa7 e4+ 37. Kg1 Qf4 38. Rd7 Qf3 39. Qe3 Qd1+ 40. Kg2
Bd4 41. Qxe4 Kg7 42. Bxf7 Rxf7 43. Rxd4 Qc1 44. Qe5+ Kh6 45. Rd6 Qf4 46. Qxf4+
Rxf4 47. c5 Rc4 48. c6 Kg5 49. Kg3 Rc3+ 50. f3 h5 51. h4+ Kh6 52. g5+ Kg7 53.
Rd7+ Kf8 54. c7 1-0

[Event "Moscow open 2010 B"]
[Site "?"]
[Date "2010.02.07"]
[Round "9.122"]
[White "Chinilov, Vladislav"]
[Black "Basiev, V P."]
[Result "1-0"]
[WhiteElo "1874"]
[BlackElo "2048"]
[PlyCount "73"]
[EventDate "2010.01.30"]

1. e4 c5 2. Nc3 a6 3. g3 b5 4. a3 b4 5. axb4 cxb4 6. Na4 Bb7 7. d3 f5 8. Be3
fxe4 9. Bg2 Nf6 10. Nb6 Ra7 11. Nd5 Nxd5 12. Bxa7 Nf6 13. Bd4 Qc7 14. Bxf6 exf6
15. Qe2 Bc5 16. Bxe4 O-O 17. Bxb7 Qxb7 18. Qf3 Re8+ 19. Kf1 Qb6 20. Ne2 Nc6 21.
Re1 Bd4 22. Qd5+ Kf8 23. Qd6+ Kg8 24. Nxd4 Rxe1+ 25. Kxe1 Qxd4 26. Qxd4 Nxd4
27. Kd2 a5 28. c3 Nc6 29. d4 Kf7 30. Re1 Nd8 31. d5 Nb7 32. cxb4 axb4 33. Re4
b3 34. Kc3 f5 35. Rc4 Nd6 36. Kxb3 Kf6 37. Rc7 1-0

[Event "Moscow open 2010 B"]
[Site "?"]
[Date "2010.02.07"]
[Round "9.123"]
[White "Chernysh, Vladimir"]
[Black "Kupriyski, Borislav"]
[Result "1/2-1/2"]
[WhiteElo "2042"]
[BlackElo "1881"]
[PlyCount "88"]
[EventDate "2010.01.30"]

1. Nf3 Nf6 2. d4 g6 3. g3 Bg7 4. Bg2 O-O 5. O-O d6 6. Nbd2 Nbd7 7. e4 e5 8. c3
c5 9. dxe5 Nxe5 10. Qc2 Bg4 11. Nxe5 dxe5 12. Nc4 Ne8 13. Be3 Qe7 14. f4 exf4
15. gxf4 Nc7 16. Qf2 Qe6 17. Nd2 c4 18. h3 Bh5 19. f5 Qa6 20. Nf3 Rfd8 21. Nd4
Rd7 22. Qg3 Re8 23. Bf3 Nd5 24. Bxh5 Nxe3 25. Qxe3 gxh5 26. Rf2 Kh8 27. Qf3
Rxd4 28. f6 Bxf6 29. Qxf6+ Qxf6 30. Rxf6 Rd2 31. Rf2 Rxf2 32. Kxf2 Rxe4 33. Rd1
Re5 34. b4 a5 35. a3 Kg7 36. Rd7 axb4 37. axb4 b5 38. Kf3 Kf6 39. h4 Ke6 40.
Rd8 Rd5 41. Rb8 h6 42. Kf4 Rf5+ 43. Ke4 Re5+ 44. Kf4 Rf5+ 1/2-1/2

[Event "Moscow open 2010 B"]
[Site "?"]
[Date "2010.02.07"]
[Round "9.124"]
[White "Anfinogenov, Artem"]
[Black "Isaev, Evgeny"]
[Result "1/2-1/2"]
[WhiteElo "2033"]
[BlackElo "1879"]
[PlyCount "116"]
[EventDate "2010.01.30"]

1. d4 Nf6 2. c4 e6 3. Nc3 Bb4 4. Qc2 O-O 5. Nf3 Bxc3+ 6. bxc3 d5 7. Bg5 h6 8.
Bh4 Nbd7 9. e3 b6 10. Bd3 dxc4 11. Bxc4 Bb7 12. O-O c5 13. Rfd1 Qc7 14. Qe2
Rac8 15. Rac1 cxd4 16. cxd4 Bd5 17. Nd2 Bxc4 18. Rxc4 Qb7 19. Rdc1 Qa6 20. Nf3
g5 21. Bg3 Ne4 22. Qc2 Rxc4 23. Qxc4 b5 24. Qc6 Qxc6 25. Rxc6 Nb6 26. Ne5 Nxg3
27. hxg3 Rc8 28. Kf1 f6 29. Rxc8+ Nxc8 30. Nc6 Kf7 31. Ke2 Ke8 32. Kd3 Kd7 33.
Na5 Nd6 34. e4 Kc7 35. e5 fxe5 36. dxe5 Nb7 37. Nb3 Kb6 38. Kd4 a5 39. f4 a4
40. Nd2 Na5 41. f5 exf5 42. Kd5 Kc7 43. Kc5 Nc6 44. Kxb5 Nxe5 45. Kxa4 Nd3 46.
Kb5 Ne1 47. a4 Nxg2 48. a5 f4 49. gxf4 Nxf4 50. Ne4 Ne6 51. a6 h5 52. Nf6 h4
53. Nd5+ Kb8 54. Kb6 Ka8 55. a7 h3 56. Ka6 Nc5+ 57. Kb6 Nd7+ 58. Ka6 Nc5+
1/2-1/2

[Event "Moscow open 2010 B"]
[Site "?"]
[Date "2010.02.07"]
[Round "9.125"]
[White "Isaev, Rustam"]
[Black "Zhdanov, Petr"]
[Result "0-1"]
[WhiteElo "1856"]
[BlackElo "2012"]
[PlyCount "92"]
[EventDate "2010.01.30"]

1. c4 c5 2. Nc3 Nf6 3. g3 Nc6 4. Bg2 g6 5. Nf3 e5 6. d3 Bg7 7. O-O O-O 8. a3 d6
9. Rb1 a5 10. b3 h6 11. Bb2 Be6 12. Nb5 Qd7 13. Nd2 Rad8 14. Qc2 Bh3 15. Ne4
Nxe4 16. dxe4 Bxg2 17. Kxg2 Nd4 18. Bxd4 exd4 19. Qd2 b6 20. b4 axb4 21. axb4
Qc6 22. f3 f5 23. exf5 Rxf5 24. Ra1 d5 25. Qd3 Kh8 26. Ra7 dxc4 27. Qxc4 Rc8
28. Rc1 d3 29. e4 Rff8 30. Qxd3 Rfd8 31. Qe2 Qf6 32. bxc5 bxc5 33. Rc7 Qb6 34.
Rxc8 Rxc8 35. Qc4 Qa5 36. Rc2 Rb8 37. Nd6 Bd4 38. Qe6 Rg8 39. Qe7 Rg7 40. Qf8+
Kh7 41. Nf7 g5 42. Nd6 Qa1 43. Nf5 Qg1+ 44. Kh3 Qf1+ 45. Rg2 Qxf3 46. Qe8 g4+
0-1

[Event "Moscow open 2010 B"]
[Site "?"]
[Date "2010.02.07"]
[Round "9.126"]
[White "Ektova, Elena"]
[Black "Kukhmazov, Arsen"]
[Result "0-1"]
[WhiteElo "1823"]
[BlackElo "2011"]
[PlyCount "90"]
[EventDate "2010.01.30"]

1. c4 e6 2. Nc3 b6 3. Nf3 Bb7 4. g3 f5 5. Bg2 Nf6 6. d4 Bb4 7. O-O O-O 8. Bf4
Ne4 9. Nb5 Na6 10. a3 c6 11. axb4 cxb5 12. cxb5 Nxb4 13. Ng5 Nd5 14. Bxe4 fxe4
15. e3 h6 16. Nh3 Nxf4 17. Nxf4 Rf5 18. Qe2 Qg5 19. h4 Qe7 20. Kh2 Qb4 21. Ng6
Qxb5 22. Qg4 Rf6 23. h5 a5 24. Rac1 Kh7 25. Kg2 Bc6 26. Ne5 Qd5 27. Rc3 Raf8
28. Ng6 R8f7 29. Ne5 Bb5 30. Nxf7 Bxf1+ 31. Kxf1 Rxf7 32. Rc8 Qf5 33. Qxf5+
Rxf5 34. g4 Rb5 35. Rc7 Rxb2 36. Rxd7 a4 37. Ra7 b5 38. Ra6 Kg8 39. Rxe6 a3 40.
Ra6 a2 41. Kg2 b4 42. d5 b3 43. d6 Rd2 44. Ra8+ Kh7 45. d7 Rxd7 0-1

[Event "Moscow open 2010 B"]
[Site "?"]
[Date "2010.02.07"]
[Round "9.127"]
[White "Sutormin, Danila"]
[Black "Zakharov, Kirill"]
[Result "0-1"]
[WhiteElo "2006"]
[BlackElo "1875"]
[PlyCount "84"]
[EventDate "2010.01.30"]

1. e4 c5 2. Nf3 Nc6 3. Bb5 g6 4. Bxc6 dxc6 5. O-O Bg7 6. d3 Nf6 7. Nc3 Nd7 8.
a4 e5 9. Be3 Qb6 10. a5 Qd8 11. Qd2 h6 12. Na4 b6 13. Qc3 Qc7 14. Nd2 O-O 15.
Nb3 Qd8 16. Qd2 Kh7 17. Rae1 Ba6 18. c4 f5 19. f3 f4 20. Bf2 Rf6 21. g4 Rd6 22.
Qc3 Nf8 23. Nc1 Ne6 24. Kg2 Nd4 25. Rd1 h5 26. h3 Bc8 27. Bxd4 cxd4 28. Qc2 b5
29. cxb5 cxb5 30. Nc5 Qxa5 31. N1b3 Qc7 32. Qf2 Rc6 33. Rc1 Bf8 34. gxh5 g5 35.
Rc2 Qf7 36. Rfc1 Qxh5 37. Ne6 Rxe6 38. Rxc8 Rxc8 39. Rxc8 Rh6 40. h4 Bg7 41.
Rc7 gxh4 42. Rxa7 Rg6+ 0-1

[Event "Moscow open 2010 B"]
[Site "?"]
[Date "2010.02.07"]
[Round "9.128"]
[White "Alieva, Nurlana"]
[Black "Tarasov, Alexandr"]
[Result "0-1"]
[WhiteElo "1996"]
[BlackElo "1840"]
[PlyCount "132"]
[EventDate "2010.01.30"]

1. e4 c6 2. d4 d5 3. exd5 cxd5 4. c4 Nf6 5. Nc3 Nc6 6. c5 e6 7. Bg5 Bd7 8. Nf3
b6 9. cxb6 Qxb6 10. Rb1 Ne4 11. Be3 Bb4 12. Rc1 Qa5 13. Qc2 Qxa2 14. Bb5 Bxc3+
15. bxc3 Qxc2 16. Rxc2 O-O 17. Bxc6 Bxc6 18. Ne5 Bb5 19. f3 Nd6 20. Kd2 a5 21.
Ra1 a4 22. Ke1 f6 23. Ng4 Bc4 24. Bf4 Nb5 25. Kd2 a3 26. h4 a2 27. Ne3 Na3 28.
Rb2 Ra6 29. Kd1 Rfa8 30. h5 Nb1 31. Nxc4 dxc4 32. Bd2 e5 33. Rc2 Kf7 34. g4 Ke6
35. dxe5 fxe5 36. Ke2 Rd6 37. Be1 Rda6 38. Rb2 Ra3 39. Rc2 Kd5 40. Bd2 e4 41.
f4 g6 42. h6 Nxd2 43. Kxd2 Rf8 44. Ke3 Rfa8 45. Rf2 Kc5 46. Rc2 Kd5 47. g5 Rb3
48. Rd2+ Kc5 49. Rdxa2 Rxc3+ 50. Ke2 Rxa2+ 51. Rxa2 Kb6 52. Ra8 Rd3 53. Re8 Rd7
54. Rxe4 Kb5 55. Re8 c3 56. Rb8+ Ka4 57. Ra8+ Kb3 58. Rb8+ Ka2 59. Ra8+ Kb1 60.
Rb8+ Kc1 61. Rb3 c2 62. Rb6 Re7+ 63. Kf2 Rd7 64. Ke2 Rf7 65. Ke1 Rxf4 66. Ke2
Rf5 0-1

[Event "Moscow open 2010 B"]
[Site "?"]
[Date "2010.02.07"]
[Round "9.131"]
[White "Shliakhov, Ivan"]
[Black "Kisteneva, Liza"]
[Result "1-0"]
[WhiteElo "1995"]
[BlackElo "1835"]
[PlyCount "63"]
[EventDate "2010.01.30"]

1. d4 d5 2. Nd2 Nf6 3. Ngf3 e6 4. c3 c5 5. e3 Nc6 6. Bd3 cxd4 7. exd4 Bd6 8.
O-O O-O 9. Re1 Qc7 10. h3 h6 11. Nf1 a6 12. a4 b6 13. Ne3 Bb7 14. Ng4 Nxg4 15.
hxg4 Bf4 16. g5 hxg5 17. Nxg5 g6 18. Qg4 Bxc1 19. Raxc1 Kg7 20. Bxg6 Qe7 21.
Nxe6+ fxe6 22. Rxe6 Qxe6 23. Bf5+ Kh6 24. Qh4+ Kg7 25. Bxe6 Rfe8 26. Qg5+ Kh7
27. Bf5+ Kh8 28. Qh6+ Kg8 29. Qh7+ Kf8 30. Bg6 Nd8 31. Qh8+ Ke7 32. Qxe8+ 1-0

[Event "Moscow open 2010 B"]
[Site "?"]
[Date "2010.02.07"]
[Round "9.139"]
[White "Semin, Gennadiy"]
[Black "Keze, Arnis"]
[Result "1-0"]
[WhiteElo "2149"]
[BlackElo "1816"]
[PlyCount "69"]
[EventDate "2010.01.30"]

1. d4 d5 2. c4 c6 3. Nf3 Nf6 4. Nc3 e6 5. e3 dxc4 6. Bxc4 b5 7. Bd3 Nbd7 8. O-O
Bd6 9. e4 Bb8 10. e5 Nd5 11. Nxd5 exd5 12. Ng5 Nf8 13. f4 h6 14. Nf3 Bg4 15.
Qc2 Qb6 16. Be3 Ne6 17. Ne1 a5 18. Qf2 Bh5 19. Qh4 g6 20. f5 Qd8 21. Qg3 Ng5
22. fxg6 fxg6 23. Bxg5 Qxg5 24. Qxg5 hxg5 25. h3 Ba7 26. Nc2 Rb8 27. g4 c5 28.
gxh5 gxh5 29. Bg6+ Kd8 30. Rf7 Bb6 31. Ne3 cxd4 32. Nxd5 Bc5 33. e6 Rh6 34.
Rd7+ Kc8 35. Ne7+ 1-0

[Event "Moscow open 2010 B"]
[Site "?"]
[Date "2010.02.07"]
[Round "9.140"]
[White "Selifonova, Aleksandra"]
[Black "Seliverstov, Vitaliy"]
[Result "0-1"]
[WhiteElo "1824"]
[BlackElo "2137"]
[PlyCount "78"]
[EventDate "2010.01.30"]

1. e4 e6 2. d4 b6 3. Nf3 Bb7 4. Bd3 Nf6 5. e5 Ne4 6. Qe2 d5 7. Nbd2 Nxd2 8.
Bxd2 c5 9. c3 Qc8 10. O-O Ba6 11. c4 Be7 12. Rac1 Qb7 13. a3 Nd7 14. b4 Bxc4
15. Bxc4 dxc4 16. Qxc4 b5 17. Qe2 c4 18. a4 a6 19. a5 h6 20. Bc3 Qd5 21. Rfe1
Nb8 22. Rb1 Nc6 23. Red1 Rd8 24. Qb2 Qe4 25. Re1 Qf4 26. Nd2 O-O 27. Ne4 Rd5
28. Rbd1 Rfd8 29. g3 Qf5 30. f4 Kf8 31. Nf2 h5 32. Re4 Ke8 33. Rde1 Kd7 34. Nd1
Kc8 35. Nf2 Kc7 36. Nd1 h4 37. R1e2 hxg3 38. hxg3 Rh8 39. Rg2 Qxe4 0-1

[Event "Moscow open 2010 B"]
[Site "?"]
[Date "2010.02.07"]
[Round "9.142"]
[White "Rozhkov, Vladimir"]
[Black "Sarana, Alexey"]
[Result "1/2-1/2"]
[WhiteElo "2052"]
[BlackElo "1808"]
[PlyCount "76"]
[EventDate "2010.01.30"]

1. d4 Nf6 2. Nf3 g6 3. c4 Bg7 4. Nc3 O-O 5. e4 d6 6. Be2 e5 7. O-O Nc6 8. d5
Ne7 9. b4 Ne8 10. Nd2 f5 11. c5 Bd7 12. Nc4 b6 13. Ba3 fxe4 14. Nxe4 Bf5 15.
cxd6 cxd6 16. f3 b5 17. Ne3 Qb6 18. Bc1 Bxe4 19. fxe4 Qd4 20. Rxf8+ Kxf8 21.
Rb1 Qxe4 22. Bd3 Qd4 23. Bxb5 Qxd1+ 24. Nxd1 Nc7 25. Bc6 Rc8 26. Be3 a6 27. Nc3
Ncxd5 28. Bxd5 Rxc3 29. Rf1+ Ke8 30. Bf7+ Kd7 31. Bg5 e4 32. Re1 e3 33. Kf1 Bd4
34. Bxe7 Kxe7 35. Bb3 Kf6 36. Ke2 Ke5 37. Rf1 Rc7 38. Rf8 Bb6 1/2-1/2